| 000 | 00346nam a22001337a 4500 | ||
|---|---|---|---|
| 082 |
_a519.5 _bMOR |
||
| 100 |
_aMoroney M.J _939475 |
||
| 245 |
_aFacts from figures _cM.J. Moroney |
||
| 260 |
_aUK _bPenguin Books _c1951 |
||
| 300 |
_a471p. : _bill. ; _c10 cm. |
||
| 526 |
_a0 _b0 _c0 _d519_500000000000000_MOR |
||
| 650 |
_aMCE _9379 |
||
| 942 |
_2ddc _cBK |
||
| 999 |
_c543962 _d543962 |
||